邦尼不孤單 : (Record no. 7309)
[ view plain ]
| 000 -LEADER | |
|---|---|
| fixed length control field | 00967cam a2200313 4500 |
| 001 - CONTROL NUMBER | |
| control field | 694567 |
| 003 - CONTROL NUMBER IDENTIFIER | |
| control field | YEEZEN |
| 005 - DATE AND TIME OF LATEST TRANSACTION | |
| control field | 20221117093634.0 |
| 008 - FIXED-LENGTH DATA ELEMENTS--GENERAL INFORMATION | |
| fixed length control field | 220426s2021 ch a b 000 j chi d |
| 020 ## - INTERNATIONAL STANDARD BOOK NUMBER | |
| International Standard Book Number | 9789811801990 |
| Qualifying information | (平裝) : |
| Terms of availability | 贈閱 |
| 040 ## - CATALOGING SOURCE | |
| Original cataloging agency | TWNTU |
| Language of cataloging | chi |
| Description conventions | ccr |
| Transcribing agency | . |
| 041 1# - LANGUAGE CODE | |
| Language code of text/sound track or separate title | chi |
| Language code of original | eng |
| 042 ## - AUTHENTICATION CODE | |
| Authentication code | nbic |
| 066 ## - CHARACTER SETS PRESENT | |
| Alternate G0 or G1 character set | $1 |
| 084 ## - OTHER CLASSIFICATION NUMBER | |
| Classification number | 241.38 |
| Item number | 4481 |
| Number source | ncsclt |
| 099 ## - LOCAL FREE-TEXT CALL NUMBER (OCLC) | |
| Classification number | 861 |
| 100 1# - MAIN ENTRY--PERSONAL NAME | |
| Personal name | 林美玲 |
| Titles and words associated with a name | (Lim, Mei Ling Emily) |
| 245 10 - TITLE STATEMENT | |
| Title | 邦尼不孤單 : |
| Remainder of title | 傳道書第4章 / |
| Statement of responsibility, etc. | 林美玲著 ; 尼爾.夏普(Neal Sharp)繪 ; 王思淳譯 |
| 246 3# - VARYING FORM OF TITLE | |
| Title proper/short title | 傳道書第四章 |
| 246 30 - VARYING FORM OF TITLE | |
| Title proper/short title | 傳道書第4章 |
| 250 ## - EDITION STATEMENT | |
| Edition statement | 初版 |
| 260 ## - PUBLICATION, DISTRIBUTION, ETC. | |
| Place of publication, distribution, etc. | 臺北市 : |
| Name of publisher, distributor, etc. | 基督教真理文化傳播基金會, |
| Date of publication, distribution, etc. | 2021.11. |
| 300 ## - PHYSICAL DESCRIPTION | |
| Extent | [34]面 : |
| Other physical details | 彩圖 ; |
| Dimensions | 19 x 24公分 |
| 490 1# - SERIES STATEMENT | |
| Series statement | 靈命日糧兒童材料 |
| 650 #7 - SUBJECT ADDED ENTRY--TOPICAL TERM | |
| Topical term or geographic name entry element | 基督教 |
| Source of heading or term | lcstt. |
| 650 #7 - SUBJECT ADDED ENTRY--TOPICAL TERM | |
| Topical term or geographic name entry element | 通俗作品 |
| Source of heading or term | lcstt. |
| 700 1# - ADDED ENTRY--PERSONAL NAME | |
| Personal name | Sharp, Neal. |
| 700 1# - ADDED ENTRY--PERSONAL NAME | |
| Personal name | 夏普 |
| Titles and other words associated with a name | (Sharp, Neal) |
| 700 1# - ADDED ENTRY--PERSONAL NAME | |
| Personal name | 王思淳 |
| 700 ## - ADDED ENTRY--PERSONAL NAME | |
| Personal name | Lim, Mei Ling Emily. |
| 942 ## - ADDED ENTRY ELEMENTS (KOHA) | |
| Source of classification or shelving scheme | 中文圖書分類法 |
| Koha item type | 一般圖書 |
| 撤銷狀態 | 遺失狀態 | 分類號來源 | 損壞狀態 | 不外借 | 永久館藏地 | 現在館藏地 | 書架位置 | 採購日期 | 全部借出 | 全部續借 | 完整索書號 | 條碼號 | 最後一次日期記錄 | Date last checked out | 一般價格有效日期 | Koha館藏類型 | 公開資訊 |
|---|---|---|---|---|---|---|---|---|---|---|---|---|---|---|---|---|---|
| 未註銷館藏 | 未遺失 | 中文圖書分類法 | 未損毀 | 可外借 | 怡仁綜合醫院圖書館 | 怡仁綜合醫院圖書館 | 2022-11-17 | 4 | 1 | 241.38 | C02881 | 2025-04-01 | 2025-03-18 | 2022-11-17 | 一般圖書 | 今年我們即將推出靈命日糧兒童繪本《邦尼不孤單》,它以傳道書4章9-10節為主,講述一隻叫邦尼的玩偶兔兔,為了讓軟趴趴的身體恢復,他想盡一切辦法將各種物質塞進自己的身體,但都於事無補。最後,透過身邊一群好朋友,願意將自己身上的些許填充物分給邦尼,他不只身體恢復原來的蓬鬆飽滿,也感受到充滿愛的溫暖。 |